| 000 | 00681 a2200193 4500 | ||
|---|---|---|---|
| 020 |
_a8183480009 _c310.00 |
||
| 035 | _aB-211659 | ||
| 037 | _bRP-ZLS-2793 / PANSY-07-08:10 / RP-07-08:ENG | ||
| 082 | 1 | 4 | _a000 |
| 090 |
_c5326 _d5326 |
||
| 100 | 1 | _aSijwali, B.S. | |
| 245 | 1 |
_aArihant stpe by step CAT (Common Admission Test) chaper-wise solved papers 1993-2006) _cby B.S. Sijwali and Indu Sijwali |
|
| 260 |
_aMeerut _bArihant Publications |
||
| 270 |
_aKalindi, Transport Nagar _bMeerut |
||
| 300 |
_a439 p _c28 cm (pbk) |
||
| 700 | _aSijwali, Indu | ||
| 942 |
_adpl _cEN _k000 / SIJ |
||
| 999 |
_c5222 _d5222 |
||